Detalles MARC
| 000 -LÍDER |
| Campo fijo de descripción fija |
02578nam a22004094i 4500 |
| 001 - NÚMERO DE CONTROL |
| Campo de control |
19454860 |
| 003 - IDENTIFICADOR DEL NÚMERO DE CONTROL |
| Campo de control |
CO-MdFUSB |
| 005 - FECHA Y HORA DE LA ULTIMA TRANSACCIÓN |
| control field |
20180322064439.0 |
| 008 - ELEMENTOS DE LONGITUD FIJA -- INFORMACIÓN GENERAL |
| Campo fijo de descripción fija -- Información general |
170117t20172016paua g b 001 0 eng |
| 010 ## - NÚMERO DE CONTROL DE LA BIBLIOTECA DEL CONGRESO |
| Número de control LC |
2017001366 |
| 020 ## - NÚMERO INTERNACIONAL NORMALIZADO PARA LIBROS |
| Número Internacional Normalizado del libro |
9781599475264 (pbk. : alk. paper) |
| 040 ## - FUENTE DE CATALOGACIÓN |
| Agencia de catalogación original |
DLC |
| Idioma de catalogación |
spa |
| Agencia que realiza la transcripción |
CO-MdFUSB |
| Convenciones de la descripción |
rda |
| Agencia que realiza la modificación |
DLC |
| 041 ## - CÓDIGO DE IDIOMA |
| Código de idioma para texto/pista de sonido o título separado |
eng |
| 042 ## - AUTHENTICATION CODE |
| Authentication code |
pcc |
| 082 00 - NÚMERO DE CLASIFICACIÓN DECIMAL DEWEY |
| Número de la edición del Dewey |
24 |
| Número de clasificación |
G 215 |
| Clave de autor-Numero de item |
R288r |
| 242 10 - TRADUCCIÓN DEL TÍTULO POR AGENCIA CATALOGADORA |
| Título |
Razón y maravilla |
| Parte restante del título - Subtítulo |
: por qué la ciencia y la fe se necesitan mutuamente |
| Idioma del título original |
Inglés |
| 245 10 - TÍTULO |
| Título del Material |
Reason and wonder |
| Parte restante del título - Subtitulo |
: why science and faith need each other |
| Mención de responsabilidad, etc. |
/ editado por Eric Priest. |
| 250 ## - MENCIÓN DE EDICIÓN |
| Mención de edición |
Templeton Press edition. |
| 264 #1 - PRODUCCIÓN, PUBLICACIÓN, DISTRIBUCIÓN, MANUFACTURA, Y COPYRIGHT |
| Lugar de producción, publicación, distribución, manufactura |
Conshohocken, PA : |
| Nombre del productor, publicador, distribuidor |
Templeton Press, |
| Fecha de producción, publicación, distribución, manufactura, o copyright |
℗2017. |
| 264 #4 - PRODUCCIÓN, PUBLICACIÓN, DISTRIBUCIÓN, MANUFACTURA, Y COPYRIGHT |
| Fecha de producción, publicación, distribución, manufactura, o copyright |
©2017 |
| 300 ## - DESCRIPCIÓN FÍSICA |
| Extensión |
xix, 211 páginas ; |
| Dimensiones |
22 cm |
| Otros detalles físicos |
: |
| 336 ## - TIPO DE CONTENIDO |
| Fuente |
rdacontent |
| Término de tipo de contenido |
texto |
| Código de tipo de contenido |
txt |
| 337 ## - TIPO DE MEDIO |
| Fuente |
rdamedia |
| Nombre del tipo de medio |
sin mediación |
| Código del tipo de medio |
n |
| 338 ## - TIPO DE SOPORTE |
| Fuente |
rdacarrier |
| Nombre del tipo de soporte |
volumen |
| Código Tipo de soporte |
nc |
| 500 ## - NOTA GENERAL |
| Nota General |
Originally published: London : Society for Promoting Christian Knowledge, 2016. |
| 501 ## - NOTA DE “CON” |
| Nota de Contenido |
Incluye índice (p. 209- 211) |
| 504 ## - NOTA DE BIBLIOGRAFÍA, ETC. |
| Nota de bibliografía, etc |
Bibliografía (p. 199- 208) |
| 505 ## - NOTA DE CONTENIDO |
| Nota de contenido con formato preestablecido |
Introducción: ¿Hacia una integración de la ciencia y la religión? / Eric Priest -- Dios, la ciencia y el nuevo ateísmo / Keith Ward -- La ley natural, el reduccionismo y el Creador / Eleonore Stump -- El origen y el fin del universo: un desafío para el cristianismo / David Wilkinson -- Universo de la maravilla, universo de la vida /<br/>Jennifer Wiseman -- Evolución, fe y ciencia / Kenneth R. Miller -- Evolución y mal / Michael J. Murray y Jeff Schloss -- ¿Hay algo más en la vida que los genes? / Pauline Rudd -- La ciencia psicológica se encuentra con la fe cristiana / David G. Myers -- Ser una persona: hacia una integración de perspectivas neurocientíficas y cristianas / John Wyatt -- De la proyección a la conexión: Conversaciones entre ciencia, espiritualidad y salud / John Swinton -- ¿Los milagros de Jesús contradicen la ciencia? / Mark Harris -- ¿Puede un científico confiar en el Nuevo Testamento? / N.T.Wright -- Preguntas para el pensamiento privado o discusión en grupo |
| 563 ## - NOTA DE ENCUADERNACIÓN |
| Nota de encuadernación |
Rústica |
| 650 #7 - ASIENTO SECUNDARIO DE MATERIA - TERMINO TEMÁTICO |
| Término temático o nombre geográfico como elemento de entrada |
Religión y ciencia |
| 9 (RLIN) |
259 |
| 700 1# - ASIENTO SECUNDARIO - NOMBRE PERSONAL |
| Nombre personal |
Priest, E. R. |
| Fuller form of name |
(Eric Ronald), |
| Fechas asociadas con el nombre |
1943- |
| Responsabilidad |
editor. |
| 906 ## - LOCAL DATA ELEMENT F, LDF (RLIN) |
| a |
7 |
| b |
cbc |
| c |
orignew |
| d |
1 |
| e |
ecip |
| f |
20 |
| g |
y-gencatlg |
| 942 ## - TIPO DE MATERIAL (KOHA) |
| Tipo de Item KOHA |
Libros General |